¿Quién dice qué? - Edición "Los Simpson" - Estadísticas

Estadísticas generales
  • Esta prueba ha sido intentada 482 veces
  • La puntuación promedio es 8 de 15
Estadísticas de respuestas
Hint Explanation Respuesta % Correcto
«¡Yo no he sido!» Capítulo 05x12 Bart Simpson
79%
«El aliento de mi gato huele a comida de gato.» Capítulo 06x02 Ralph Wiggum
72%
«¡Hijo de perrilla!» Capítulo 12x18 Ned Flanders
71%
«¿¡Pero es que nadie va a pensar en los niños!?» Capítulo 08x18 Helen Lovejoy
70%
«¡Lleváoslo, chumachos!» Capítulo 05x02 Clancy Wiggum
64%
«¿Y cómo demuestro que estoy en directo? ¡Pene!» Capítulo 14x14 Kent Brockman
61%
♫ «Papá, ¿puedes oírme?» ♫ Capítulo 16x03 Nelson Muntz
60%
«¡No diré nada! Capítulo 12x03 Johnny Labios-sellados
59%
«¿Por qué no el "garage"? Oh la la, con el "monsieur" franchute este...» Capítulo 06x23 Moe Szyslak
54%
«¿Inflamable significa flamable? ¡Qué país, este!» Capítulo 12x18 Dr. Nick Riviera
48%
«O sea, total, ya sabes...» Capítulo 07x25 Lisa Simpson
48%
«¡Mirad esos mogambos!» Capítulo 05x07 Krusty
44%
«La patata no se puede poseer.» Capítulo 10x06 Homer Simpson
42%
«¡Johnny! ¡Johnny! ¡Johnnyyyyyy!» Capítulo 04x15 Seymour Skinner
37%
♫ «Produces fiebre, si me tocas y me abrazas, fiebre me das...» ♫ Capítulo 10x15 Edna Krabappel
29%
No se encontraron pruebas coincidentes
Distribución de puntuación
Porcentaje de gente con cada puntuación
Porcentaje por número respondido
Historial de tus puntuaciones
No has intentado esta prueba.